LDR 00664naa#a2200193#i#450# 001 EN\INFRA-M\bibl\126029 005 20260701150043.3 011 ## _a2587-9111 100 ## _a20260617b2026####ek#y0engy0150####ca 102 ## _aRU 200 1# _a«Smart Logistics» as a Tool to Improve the Efficiency of the Cargo Transportation Market _eJournal article 210 1# _aMoscow _cINFRA-M Academic Publishing LLC. _d2026 215 ## _a3 с. 608 ## _aJournal article _2local 675 ## _aПеревозки грузов. Общие вопросы. 656.025.4 _z 700 #1 _aKakhrimanova _gDiana Gabibulaevna 700 #1 _aKravchenko _gM. V. 700 #1 _aSolnceva _gO. G. 856 4# _anaukaru.ru _u